000 00970nam a2200253 a 4500
001 000024624
005 20240527191033.0
008 110127s1996 mx a r 000 | spa d
020 _a9688807540
040 _aDO-SdBNP
_bspa
_cBNPHU
082 _a658
_bS642c
100 1 _aSmith, Douglas K.
_950496
240 0 1 _aTaking charge of change.
_lEspañol
245 1 3 _aEl cambio está en tus manos :
_blos diez principios fundamentales para lograr el éxito de tu empresa /
_cDouglas K. Smith ; traducción Esther Fernández Alvarado.
260 _aMéxico D. F. :
_bPrentice-Hall Hispanoamericana,
_c1996.
300 _aix, 304 p. :
_bil. ;
_c23 cm.
534 _aTítulo de la obra en inglés:
_tTaking charge of change
500 _aIncluye índice : p. 295-304
650 4 _aCambio organizacional
_927674
650 0 _aAdministración
_920440
650 4 _aPlanificación
_915996
650 4 _aOrganización
_933899
700 1 _aFernández Alvarado, Esther
_etr.
_950497
999 _c24117
_d24117